00493nam a22001937a 4500003000500000005001700005008004100022010001000063011001000073035001000083040000900093082001500102100002000117245004200137260003300179300002000212650002800232650003900260CHAP20220329140210.0971013s1905 r 00010 d a48447 a49419 a53567 cCHAP a557.3bR5400aRies, Heinrich. aEconomic geology of the United States aNew York :bMacMillan,c1905 a435 p.b: ilus.14aGeología económica.14aMinas y recursos mineralesxE.U.A.